00659nam a2200181Ia 4500001000900000003000500009005001700014008004100031010001100072040000900083100004600092245013800138260005700276300000900333500000800342650006000350700006700410dia_4376CHAP20230309221403.0220117s1984 xx 000 0 und d a175027 cCHAP aSistema nacional para el abasto. México aDiagnóstico para la instalación de centros de acopio, estado de México frutas y hortalizas /c Sistema nacional para el abasto aMéxico :b Sistema nacional para el abasto,c1984 aS.p. aS/c aFrutas y hortalizasxEstado de MéxicoxEstadísticas aSecretaría de agricultura y recursos hidráulicos. México